Podstata, ciele a smery inovácií v spoločnom stravovaní

Gespeichert in:
Bibliographische Detailangaben
1. Verfasser: Sniščák, Vincent
Format: Buchkapitel
Sprache:Slowakisch
Tags: Tag hinzufügen
Keine Tags, Fügen Sie das erste Tag hinzu!

MARC

LEADER 00000naa$a2200000$$$4500
001 0063888
005 20240502071737.6
041 0 |a slo 
044 |a SK 
245 1 0 |a Podstata, ciele a smery inovácií v spoločnom stravovaní  |c Vincent Sniščák 
100 1 |a Sniščák, Vincent